| 000 | 01065nam a2200253Ia 4500 | ||
|---|---|---|---|
| 003 | Ost | ||
| 005 | 20260507075743.0 | ||
| 008 | 260507s9999||||xx |||||||||||||| ||und|| | ||
| 020 | _a8270119957 | ||
| 040 | _cfsecg | ||
| 041 | _aara | ||
| 082 | _a330 | ||
| 100 |
_aغرايبة، فوزي _eمؤلف |
||
| 245 | 0 |
_aأساليب البحث العلمي في العلوم الإجتماعية والإنسانية / _c فوزي غرايبة |
|
| 250 | _aطبعة 3 (مزيدة ومنقحة) | ||
| 260 |
_aعمان: _bدار وائل للنشر والتوزيع, _c2002 |
||
| 300 |
_a214 صفحة؛ _bإيضاحات ؛ _c24 سم |
||
| 520 | _aمدخل في البحث العلمي- مراحل البحث العلمي- وسائل جمع البيانات- طرق عرض البيانات- تحليل البيانات الإحصائية. | ||
| 653 | _aالبحث العلمي | ||
| 653 | _aالعلوم الإجتماعية | ||
| 653 | _aالعلوم الإنسانية | ||
| 700 |
_aدهمش، نعيم وآخرون _eمؤلف ثانوي |
||
| 942 | _cكتاب | ||
| 999 |
_c46174 _d46174 |
||